<?xml version="1.0" encoding="UTF-8"?>
<record
    xmlns:xsi="http://www.w3.org/2001/XMLSchema-instance"
    xsi:schemaLocation="http://www.loc.gov/MARC21/slim http://www.loc.gov/standards/marcxml/schema/MARC21slim.xsd"
    xmlns="http://www.loc.gov/MARC21/slim">

  <leader>04072cam a2200445Mu 4500</leader>
  <datafield tag="999" ind1=" " ind2=" ">
    <subfield code="c">27464</subfield>
    <subfield code="d">27464</subfield>
  </datafield>
  <controlfield tag="001">ocn881415505</controlfield>
  <controlfield tag="003">OCoLC</controlfield>
  <controlfield tag="005">20240801172246.0</controlfield>
  <controlfield tag="006">m     o  d</controlfield>
  <controlfield tag="007">cr cnu---unuuu</controlfield>
  <controlfield tag="008">140614s1966    vtu     o     000 0 eng d</controlfield>
  <datafield tag="020" ind1=" " ind2=" ">
    <subfield code="a">9781483226989</subfield>
    <subfield code="q">(electronic bk.)</subfield>
  </datafield>
  <datafield tag="020" ind1=" " ind2=" ">
    <subfield code="a">1483226980</subfield>
    <subfield code="q">(electronic bk.)</subfield>
  </datafield>
  <datafield tag="035" ind1=" " ind2=" ">
    <subfield code="a">(OCoLC)881415505</subfield>
    <subfield code="z">(OCoLC)1311343509</subfield>
    <subfield code="z">(OCoLC)1311347290</subfield>
  </datafield>
  <datafield tag="040" ind1=" " ind2=" ">
    <subfield code="a">EBLCP</subfield>
    <subfield code="b">eng</subfield>
    <subfield code="e">pn</subfield>
    <subfield code="c">EBLCP</subfield>
    <subfield code="d">N$T</subfield>
    <subfield code="d">OPELS</subfield>
    <subfield code="d">OCLCQ</subfield>
    <subfield code="d">OCLCO</subfield>
    <subfield code="d">OCLCF</subfield>
    <subfield code="d">YDXCP</subfield>
    <subfield code="d">DEBSZ</subfield>
    <subfield code="d">OCLCQ</subfield>
    <subfield code="d">MERUC</subfield>
    <subfield code="d">OCLCQ</subfield>
    <subfield code="d">STF</subfield>
    <subfield code="d">OCLCQ</subfield>
    <subfield code="d">OCLCO</subfield>
    <subfield code="d">OCLCQ</subfield>
    <subfield code="d">OCLCO</subfield>
  </datafield>
  <datafield tag="050" ind1=" " ind2="4">
    <subfield code="a">VM605 .G66 1966</subfield>
  </datafield>
  <datafield tag="072" ind1=" " ind2="7">
    <subfield code="a">TEC</subfield>
    <subfield code="x">025000</subfield>
    <subfield code="2">bisacsh</subfield>
  </datafield>
  <datafield tag="082" ind1="0" ind2="4">
    <subfield code="a">623.85</subfield>
  </datafield>
  <datafield tag="100" ind1="1" ind2=" ">
    <subfield code="a">Gray, D.</subfield>
  </datafield>
  <datafield tag="245" ind1="1" ind2="0">
    <subfield code="a">Centralized and Automatic Controls in Ships.</subfield>
  </datafield>
  <datafield tag="260" ind1=" " ind2=" ">
    <subfield code="a">Burlington :</subfield>
    <subfield code="b">Elsevier Science,</subfield>
    <subfield code="c">1966.</subfield>
  </datafield>
  <datafield tag="300" ind1=" " ind2=" ">
    <subfield code="a">1 online resource (366 pages)</subfield>
  </datafield>
  <datafield tag="336" ind1=" " ind2=" ">
    <subfield code="a">text</subfield>
    <subfield code="b">txt</subfield>
    <subfield code="2">rdacontent</subfield>
  </datafield>
  <datafield tag="337" ind1=" " ind2=" ">
    <subfield code="a">computer</subfield>
    <subfield code="b">c</subfield>
    <subfield code="2">rdamedia</subfield>
  </datafield>
  <datafield tag="338" ind1=" " ind2=" ">
    <subfield code="a">online resource</subfield>
    <subfield code="b">cr</subfield>
    <subfield code="2">rdacarrier</subfield>
  </datafield>
  <datafield tag="505" ind1="0" ind2=" ">
    <subfield code="a">Cover image; Title page; Table of Contents; Copyright; Foreword; Editor's Preface; Chapter 1: Introduction; Publisher Summary; 1.1 AUTOMATION; 1.2 AUTOMATIC CONTROL; 1.3 EARLY FORMS OF AUTOMATIC CONTROL; 1.4 CYBERNETICS; 1.5 APPLICATION OF CONTROL; Chapter 2: Ship Construction; Publisher Summary; Chapter 3: Main Machinery; Publisher Summary; Chapter 4: Central Control Room; Publisher Summary; Chapter 5: The Monitoring System; Publisher Summary; 5.1 SENSING DEVICES; 5.2 TRANSDUCERS; Chapter 6: The Display System; Publisher Summary; 6.1 INDICATORS; 6.2 INDICATION AND DISPLAY.</subfield>
  </datafield>
  <datafield tag="505" ind1="8" ind2=" ">
    <subfield code="a">Chapter 7: ActuatorsPublisher Summary; 7.1 HYDRAULIC ACTUATORS; 7.2 PNEUMATIC ACTUATORS; 7.3 ELECTRIC ACTUATORS; 7.4 SELECTION OF ACTUATORS; Chapter 8: Non-automatic Control Elements; Publisher Summary; 8.1 PNEUMATIC CONTROL ELEMENTS; 8.2 ELECTRIC CONTROL ELEMENTS; 8.3 HYDRAULIC CONTROL ELEMENTS; Chapter 9: The Principles of Automatic Control; Publisher Summary; 9.1 In this chapter the principles and terminology used in the application of automatic controllers will be explained; 9.2 CONTROL ACTIONS; 9.3 PLANT CHARACTERISTICS; 9.4; Chapter 10: The Basic Principles of Automatic Controllers.</subfield>
  </datafield>
  <datafield tag="505" ind1="8" ind2=" ">
    <subfield code="a">Publisher Summary10.1 PNEUMATIC CONTROLLERS; 10.2 ELECTRONIC CONTROLLERS; 10.3 HYDRAULIC CONTROLLERS; Chapter 11: Logic Circuits; Publisher Summary; 11.2 TRANSISTOR THEORY; 11.3 CONTACTLESS PROXIMITY LIMIT SWITCH; Chapter 12: Final Control Elements; Publisher Summary; 12.2 RANGEABILITY AND TURN DOWN; 12.3 VALVE POSITIONER; Chapter 13: Applications of Control Engineering; Publisher Summary; Chapter 14: Steam-raising Plant; Publisher Summary; 14.1 AUTOMATIC COMBUSTION CONTROL; 14.2 AUTOMATIC CONTROL OF BOILER DRUM LEVEL; 14.3 STEAM TEMPERATURE CONTROL; 14.4 SAFETY CIRCUITS.</subfield>
  </datafield>
  <datafield tag="505" ind1="8" ind2=" ">
    <subfield code="a">14.5 SUBSIDIARY CONTROL LOOPS14.6 INSTRUMENTATION; Chapter 15: Steam Turbines; Publisher Summary; 15.2 SUBSIDIARY CONTROL LOOPS; 15.3 A TYPICAL TURBINE CONTROL SYSTEM; 15.4 INSTRUMENTATION; Chapter 16: Diesel Engines; Publisher Summary; 16.1 DIRECT REVERSING DIESEL ENGINES; 16.2 UNIDIRECTIONAL DIESEL ENGINES WITH REVERSE GEAR; 16.3 A TYPICAL CONTROL SYSTEM; 16.4 INSTRUMENTATION; Chapter 17: Generation and Distribution of Electric Power; Publisher Summary; Chapter 18: Pumping of Liquid Cargoes; Publisher Summary; Chapter 19: Refrigeration; Publisher Summary; 19.1 BRINE SYSTEMS.</subfield>
  </datafield>
  <datafield tag="505" ind1="8" ind2=" ">
    <subfield code="a">Chapter 20: Commissioning and MaintenancePublisher Summary; 20.1 COMMISSIONING; 20.2 MAINTENANCE; Glossary of Terms used in Automatic Control; Bibliography; Index.</subfield>
  </datafield>
  <datafield tag="520" ind1=" " ind2=" ">
    <subfield code="a">Centralized and Automatic Controls in Ships.</subfield>
  </datafield>
  <datafield tag="588" ind1="0" ind2=" ">
    <subfield code="a">Print version record.</subfield>
  </datafield>
  <datafield tag="650" ind1=" " ind2="0">
    <subfield code="a">Ships</subfield>
    <subfield code="x">Automation.</subfield>
  </datafield>
  <datafield tag="650" ind1=" " ind2="7">
    <subfield code="a">TECHNOLOGY &amp; ENGINEERING</subfield>
    <subfield code="x">Military Science.</subfield>
    <subfield code="2">bisacsh</subfield>
  </datafield>
  <datafield tag="650" ind1=" " ind2="7">
    <subfield code="a">Ships</subfield>
    <subfield code="x">Automation</subfield>
    <subfield code="2">fast</subfield>
    <subfield code="0">(OCoLC)fst01116446</subfield>
  </datafield>
  <datafield tag="700" ind1="1" ind2=" ">
    <subfield code="a">Bennett, A. J. S.</subfield>
  </datafield>
  <datafield tag="776" ind1="0" ind2="8">
    <subfield code="i">Print version:</subfield>
    <subfield code="a">Gray, D.</subfield>
    <subfield code="t">Centralized and Automatic Controls in Ships.</subfield>
    <subfield code="d">Burlington : Elsevier Science, &#xFFFD;1966</subfield>
    <subfield code="z">9781483213552</subfield>
  </datafield>
  <datafield tag="856" ind1="4" ind2="0">
    <subfield code="3">ScienceDirect</subfield>
    <subfield code="u">https://www.sciencedirect.com/science/book/9781483213552</subfield>
  </datafield>
  <datafield tag="942" ind1=" " ind2=" ">
    <subfield code="2">ddc</subfield>
    <subfield code="c">EBK</subfield>
  </datafield>
</record>
